000
002750000a22000970004500
100
1
_a
Huegel, Joel
245
1
0
_a
Pushing and insisting in San Luis PotosĂ
300
_a
Vol. 75, Num. 2 (Julio-Diciembre, 1995), Páginas 18-19
773
0
_t
Latin America Evangelist
942
_c
ANA
999
_c
54925
_d
54925